Biofuels for fuel cells: renewable energy from biomass fermentation

Saved in:
Bibliografiske detaljer
Main Authors: Lens, Piet N. L (Author), Westermann, Pater (Author), Haberbauer, Marianne (Author), Moreno, Angelo (Author)
Format: Bog
Sprog:engelsk
Udgivet: Londres IWA 2005
Udgivelse:1a. ed
Serier:Integrated Environmental Technology Series
Fag:
Tags: Tilføj Tag
Ingen Tags, Vær først til at tagge denne postø!

MARC

LEADER 00000nam a2200000 a 4500
001 UCJ0311
003 CL-VaPUC
008 060714e20050000UK |||||||||||||||||eng|d
020 |a 1843390922 
082 0 4 |a 333.9539  |b LEN  |2 21 
100 0 |a Lens, Piet N. L  |e author  |9 500387 
700 0 |a Westermann, Pater  |e author  |9 500388 
700 0 |a Haberbauer, Marianne  |e author  |9 500389 
700 0 |a Moreno, Angelo  |e author  |9 500390 
245 1 0 |a Biofuels for fuel cells: renewable energy from biomass fermentation 
250 |a 1a. ed 
300 |a 523 p 
942 |c BK 
945 |d 20060714 00:00:00  |a cmena 
260 |a Londres  |b IWA  |c 2005 
650 7 |a ENERGIA BIOMASICA  |2 CL-VaPUC  |9 500391 
650 0 |a Biomasa  |9 368068 
650 0 |a Combustibles  |9 271720 
650 0 |a Células   |9 269548 
650 0 |a Fuentes de energía  |9 263042 
650 7 |a RECURSOS RENOVABLES  |2 CL-VaPUC  |9 339698 
583 |a last modification  |c 20130305 03:48:05  |k Rodrigo Vera 
490 0 |a Integrated Environmental Technology Series 
999 |c 317176  |d 317174 
952 |0 0  |1 0  |4 0  |6 333_953900000000000_LEN_2005  |7 0  |8 A  |9 393169  |a BIBING  |b BIBING  |d 2019-11-22  |i 425662K  |o 333.9539 LEN 2005  |p 425662K  |r 2025-01-20  |w 2019-11-22  |y BK  |k EIB